期刊信息 |
| 索取号 |
Z89:O6/CAC
|
| 题名 |
Chemical Abstracts
|
| 作者 |
American Chemical Society
|
| 分册号 |
|
| 分册名 |
|
| 出版地 |
美国
|
| 出版者 |
美国化学文摘社
|
| 标准刊号 |
0009-2258
|
| 出版频率 |
|
| 中图法分类 |
Z89:O6
|
| 主题词 |
文摘; 索引
|
| 电子资源 | |
| |
|
| 000 | 00455nas0 2200181 45 | |
| 001 | 0760693031 | |
| 005 | 20131205103050.42 | |
| 011 | @a0009-2258 | |
| 100 | @a20070416d km y0chiy0120 ea | |
| 101 | 0 | @aeng |
| 200 | 1 | @aChemical Abstracts@fAmerican Chemical Society |
| 210 | @a美国@c美国化学文摘社 | |
| 606 | 0 | @a文摘 |
| 606 | 0 | @a索引 |
| 690 | @aZ89:O6@v4 | |
| 701 | 0 | @aAmerican Chemical Society |
| 801 | 0 | @aCN@bPFT@c20070416 |
| 905 | @aTJWY@dZ89:O6@eCAC | |
| Chemical Abstracts/American Chemical Society.-美国:美国化学文摘社 |
| ISSN 0009-2258 |
| ● |
| 相关链接: |
|
|
|
|